000 00865nam a22002897a 4500
003 CHAP
005 20220329133535.0
008 971013s1992 r 00010 d
010 _a7604
011 _a8576
035 _a7805
040 _cCHAP
090 _aFolleto 9112
100 0 0 _aKvist, Lars Peter.
_964158
245 _aRevision of kohleria (Gesneriaceae)
260 _aWashington, D. C. :
_bSmithsonian Institution,
_c1992
300 _a83 p.
_b: ilus.
490 _aSmithsonian contributions to botany
_v; 79
590 _aBATCH-UPD
_b10
_c20130110
_lUCH01
_h1717
590 _aCONVERSION
_b10
_c20130109
_lUCH01
_h1305
650 1 4 _aKohleria.
_963641
700 0 _aSkog, Laurence E.
_9106832
830 0 _aSmithsonian contributions to botany
_v; 79
_9107168
901 _aBK
942 _cFOLL
949 _aFolleto 9112
_bBC
_cFOLL
_d-17666
_eTS1
_i7805
_si
999 _c7604
_d7604